| 000 | 01019nam a2200241 i 4500 | ||
|---|---|---|---|
| 001 | 11664 | ||
| 003 | ES-MaACL | ||
| 005 | 20240105174212.0 | ||
| 008 | 200306s2000 sp d |||| | spa d | ||
| 020 | _a84-8016-419-0 | ||
| 080 | _a(038)=134.2'276.2 | ||
| 100 | 1 |
_aCarbonell Basset, Delfín. _935057 |
|
| 245 | 1 | 3 |
_aEl sohez _b: gran diccionario del argot / _cDelfín Carbonell Basset ; prólogo de Luis María Ansón. |
| 246 | 3 |
_aGran diccionario del argot _b: el soez |
|
| 260 |
_aBarcelona : _bLarousse, _c[2000] |
||
| 300 |
_aXXI, 776 p. ; _c24 cm. |
||
| 504 | _aBibliografía: p. 771-776. | ||
| 594 | _aEn cub.: De autoridades del español cotidiano, popular, familiar, coloquial, grosero y malhablado, con eufemismos, insultos, clichés, solecismos, barbarismos, ñoñerías, jergas y piadosismos. | ||
| 650 | 4 |
_aLengua española- _xArgots y jergas- _vDiccionarios. _9148231 |
|
| 852 |
_aES-MaACL _jA-14568 _911967 _bR.152045 _cDEPO1 _dOlim: N-7568 |
||
| 942 |
_2udc _cMONOGRAFIA |
||
| 999 |
_c11664 _d11664 |
||